Piotrek - lekcja 1 - Statystyki

Ogólne statystyki
  • Ten quiz został rozwiązany 7 razy
  • Średni wynik to 4 z 20
Statystyki odpowiedzi
Hint Odpowiedź % Poprawnych
kaszel cough
80%
rak cancer
60%
grypa flu
60%
umysł mind
40%
ból gardła sore throat
40%
sztuczna inteligencja artificial intelligence
20%
skazany convict
20%
biegunka diarrhea
20%
gorączka fever
20%
zmarły late
20%
późniejszy latter
20%
złoczyńca villain
20%
objawy ailments
0%
ukrywać conceal
0%
wystartować/wypuścić launch
0%
nawet even
0%
wcześniejszy former
0%
wyrwać rip out
0%
gatunek species
0%
wymazać wipe out
0%
Nie znaleziono quizów pasujących do podanych kryteriów
Rozkład punktacji
Procent ludzi z każdym wynikiem
Percentyl według liczby udzielonych odpowiedzi
Twoja historia wyników
Nie rozwiązałeś tego quizu